Comparación de los procedimientos de cálculo usando parámetros físico-químicos y de rendimiento para establecer la calidad de la caña de azúcar, con el propósito de efectuar su pago
Gorde:
| Egile nagusia: | |
|---|---|
| Formatua: | Liburua |
| Argitaratua: |
San José, C.R
1999
|
| Gaiak: | |
| Etiketak: |
Etiketa erantsi
Etiketarik gabe, Izan zaitez lehena erregistro honi etiketa jartzen!
|
MARC
| LEADER | 00000nam a2200000Ia 4500 | ||
|---|---|---|---|
| 003 | 008769 | ||
| 005 | 20221231144213.0 | ||
| 008 | 140114s1999 cr a m 000 ||s d | ||
| 040 | |c cru CEDI | ||
| 090 | |a TFG 4052 | ||
| 100 | |a Ramírez Ramírez, María de los Angeles |9 8460 | ||
| 245 | |a Comparación de los procedimientos de cálculo usando parámetros físico-químicos y de rendimiento para establecer la calidad de la caña de azúcar, con el propósito de efectuar su pago | ||
| 260 | |c 1999 |a San José, C.R | ||
| 300 | |a 103 hojas : ilustraciones (algunas a color) | ||
| 500 | |a Proyecto de graduación (licenciatura en ingeniería química)--Universidad de Costa Rica. Facultad de Ingeniería. Escuela de Ingeniería Química | ||
| 650 | |x CAÑA DE AZUCAR - INDUSTRIA Y COMERCIO |x CAÑA DE AZUCAR - PRODUCCION |x CAÑA DE AZUCAR - INVESTIGACIONES - COSTA RICA |9 8461 | ||
| 942 | |c TFG | ||
| 999 | |c 18401 |d 18401 | ||
